000 00736nam a2200217Ia 4500
003 GCL
008 140319s9999 xx 000 0 ara d
040 _aGCL /
_cGCL
082 0 4 _a419.2
_bم ن
100 1 _aمظهر على الاريانى
245 1 0 _aنقوش مسندية وتعليقات /
_cمظهر على الاريانى
260 _a[S.N] :
_bمركز الدراسات والبحوث اليمنى ،
_c1990
300 _a528 ص
490 _aفى تاريخ اليمن
_v0
650 0 4 _aتاريخ
650 0 4 _aالتاريخ القديم
650 0 4 _aاليمن القديم
650 0 4 _aالحضارة اليمنية القديمة
650 0 4 _aاللغة العربية الجنوبية
942 _2ddc
_cBK
999 _c35915
_d35915